01405nam a2200265Ia 450000100060000000300090000600800410001504000130005604000130006904100130008210000220009510000290011724000270014624000350017324500610020824500600026925000110032926000110034026000180035126000490036930000430041850006250046165000220108665000310110818830IT-RoPAU130308s9999 xx 000 0 und d aIT-RoPAU cIT-RoPAU aITALIANO aHeisenberg Werner gCodice Aut. SPICS: 12542 aPHYSICS AND PHILOSOPHY gCodice Tit. Orig. Spics: T0813 aFisica e filosofia-La rivoluzione nella scienza moderna bFisica e Filosofia-La Rivoluzione nella Scienza moderna a2a ed. aMILANO bIl Saggiatore c1966 [1° Ed.:1961 - Ed.Ling.Originale:1958] a"240 p. (prefazione: no ; testo: 240)" aIntroduzione di F.S.C. Northrop Traduzione di Giulio Gnoli vecchia e Nuova Tradizione Sviluppo della Teoria dei Quanta Interpretazione di Copenaghen della Teoria dei Quanta Teoria dei Quanta e Origini della Scienza Atomica Evoluzione delle Idee Filosofiche Dopo Descartes in Seguito Alla Teoria dei Quanta relazione tra Teoria dei Quanta e Altri Rami della Scienza della Natura Teoria della Relatività Critiche e Controproposte all'interpretazione di Copenaghen Teoria dei Quanta e Struttura della materia Linguaggio e Realtà nella Fisica moderna ruolo della Fisica moderna nell'attuale Sviluppo del pensiero Umano aLOGICA FILOSOFICA eCodice materia Spics: 3151